| 000 | 00682nam a22002057a 4500 | ||
|---|---|---|---|
| 003 | PILC | ||
| 005 | 20150826140125.0 | ||
| 008 | 150826b xxu||||| |||| 00| 0 eng d | ||
| 020 | _a9714205239 | ||
| 050 |
_aQA 276 _b.F837 2004 |
||
| 100 | _aFrany, Marie-Wendy. | ||
| 245 |
_aFundamentals of probability and statistics for engineering / _cMarie-Wendy J. Frany, Miriam S.P. Galvez, Emy L. Vasquez. |
||
| 260 |
_aBulacan : _bTrinitas Publishing, Inc., _c2004. |
||
| 300 |
_a140 pages : _billustrations ; _c28 cm. |
||
| 500 | _aIncludes bibliographical references. | ||
| 650 | _aStatistics. | ||
| 700 | _aGalvez, Mirian S.P. | ||
| 700 | _aVasquez, Emy L. | ||
| 942 |
_2lcc _cBK _kFIL |
||
| 999 |
_c288508 _d288508 |
||